000 00797cab a22001935 4500
001 L146775
008 090225e20090123xxk f 000 0 eng u
035 _a(Sirsi) u146775
041 0 _aeng
110 0 _aConstructing Excellence in the Built Environment
_94925
245 0 0 _aEqual Partners: Customer and supplier alignment in private sector construction
260 _c2009
520 _aReport on private sector collaborative procurement. Presents collaborative working throughout the whole supply chain as the goal to reach.
590 _aKA
651 4 _aUnited Kingdom
_y
690 _aConstruction management
_96230
856 4 0 _uhttps://constructingexcellence.org.uk/wp-content/uploads/2015/01/EP5.pdf
_zView the item free of charge at www.constructingexcellence.org.uk...
942 _n0
999 _c81287
_d81287